Crop conservation and storage in cool temperate climates (Record no. 30683)

MARC details
000 -LEADER
fixed length control field 00343nam a2200121Ia 4500
082 ## - DEWEY DECIMAL CLASSIFICATION NUMBER
Classification number 633:631.563
Item number NAS
100 ## - MAIN ENTRY--AUTHOR NAME
Personal name NASH, Michael John
245 #0 - TITLE STATEMENT
Title Crop conservation and storage in cool temperate climates
260 ## - PUBLICATION, DISTRIBUTION, ETC. (IMPRINT)
Place of publication New York
Name of publisher Pergamon
Year of publication 1978
650 ## - SUBJECT ADDED ENTRY--TOPICAL TERM
Topical Term Crop conservation
942 ## - ADDED ENTRY ELEMENTS (KOHA)
Koha item type Books
Holdings
Withdrawn status Lost status Damaged status Not for loan Home library Current library Date acquired Full call number Accession Number Koha item type
        RRII Library RRII Library 16/12/2021 633:631.563 NAS 11253 Books